000 00905cab a2200277 4500
001 WB2937-33
008 090401t1993 xxu||||| |||| 00| 0 eng d
035 _a(Sirsi) u42650
041 _aeng
100 _aCullen, S.
245 _aNew charity legislation
260 _c1993
350 _a0
490 _aCSW - The Property Week
_v45(1) 7 October 1993, 68(1)
520 _aProvisions of the Charities Act 1993 covering the disposal of land, s37(2), requiring the trustees to certify their authority to effect the transaction, are causing problems to charities incorporated as companies.
650 _aCERTIFICATION
650 _aCHARITIES ACT 1992
650 _aCHARITIES ACT 1993 S37(2)
650 _aCHARITIES ACT 1993 S82
650 _aINCORPORATION
650 _aHM LAND REGISTRY
650 _aLEASES
690 _aPROPERTY LAW AND PRACTICE
942 _n0
948 _c04/03/1997
999 _c27295
_d27295